[Event "1. liga V 18/19, Kromeriz-SM"]
[Site ""]
[Date "2019.03.24"]
[Round "10.6"]
[White "Bazant, Petr"]
[Black "Kapusta, Petr"]
[Result "1-0"]
[WhiteElo "2253"]
[BlackElo "2171"]
[PlyCount "0"]
[WhiteTeam "SK Stare Mesto"]
[BlackTeam "Slavia Kromeriz"]
[EventDate "2018.10.21"]

1. d4 Nf6 2. c4 g6 3. Nc3 Bg7 4. e4 d6 5. f3 O-O 6. Be3 e5 7. d5 Nh5 8. Qd2
Qh4+ 9. g3 Nxg3 10. Qf2 Nxf1 11. Qxh4 Nxe3 12. Ke2 Nxc4 13. Rc1 c6 14. b3 Nb6
15. Nh3 N8d7 16. Rhd1 Nf6 17. dxc6 Nh5 18. cxb7 Bxb7 19. Kf1 Bf6 20. Qe1 Bc8
21. Kg2 Bxh3+ 22. Kxh3 Nf4+ 23. Kg3 Bh4+ 24. Kxh4 Ng2+ 25. Kg3 Nxe1 26. Rxe1
Rac8 27. Nb5 Rxc1 28. Rxc1 Rc8 29. Rd1 d5 30. exd5 a6 31. Nd6 Rc2 32. a4 Rc3
33. Ne4 Rxb3 34. Nc5 Rc3 35. a5 Nc4 36. Ne4 Rc2 37. d6 Nxa5 38. d7 Nc6 39.
d8=Q+ Nxd8 40. Rxd8+ Kg7 41. Ra8 Rc6 42. Ra7 h6 43. Re7 a5 44. Ra7 g5 45. Rxa5
f5 46. Nc5 h5 47. h4 Kh6 48. Ra6 Rxa6 49. Nxa6 Kg6 50. Nc5 Kh6 51. Nd7 e4 52.
hxg5+ Kxg5 53. f4+ Kg6 54. Ne5+ Kf6 55. Kh4 Ke6 56. Kxh5 Kd5 57. Kg5 e3 58.
Kxf5 e2 59. Nf3 Kd6 60. Ke4 1-0

[Event "1. liga V 18/19, Kromeriz-SM"]
[Site ""]
[Date "2019.03.24"]
[Round "10.7"]
[White "Karlik, Vladimir"]
[Black "Vrana, Frantisek"]
[Result "1/2-1/2"]
[WhiteElo "2163"]
[BlackElo "2264"]
[PlyCount "0"]
[WhiteTeam "Slavia Kromeriz"]
[BlackTeam "SK Stare Mesto"]
[EventDate "2018.10.21"]

1. d4 d5 2. Bf4 Nf6 3. e3 Bf5 4. c4 c6 5. Nc3 e6 6. Qb3 Qc8 7. Nf3 Be7 8. h3 h6
9. Rc1 O-O 10. Be2 Nbd7 11. cxd5 exd5 12. O-O Nb6 13. Ne5 Ne4 14. Nxe4 dxe4 15.
Nc4 Be6 16. Qc2 Bd5 17. Nd6 Bxd6 18. Bxd6 Re8 19. Bg3 a5 20. a3 Qe6 21. Rb1 Ba2
22. Ra1 Bb3 23. Qd2 Nc4 24. Bxc4 Bxc4 25. Rfc1 Bb3 26. Rc5 1/2-1/2

[Event "1. liga V 18/19, Kromeriz-SM"]
[Site ""]
[Date "2019.03.24"]
[Round "10.8"]
[White "Babula, Vlastimil"]
[Black "Cagasik, Tomas"]
[Result "1/2-1/2"]
[WhiteElo "2040"]
[BlackElo "2172"]
[PlyCount "0"]
[WhiteTeam "SK Stare Mesto"]
[BlackTeam "Slavia Kromeriz"]
[EventDate "2018.10.21"]

1. e4 b6 2. d4 Bb7 3. Bd3 Nf6 4. f3 Nc6 5. c3 e5 6. Ne2 Be7 7. O-O O-O 8. Be3
d6 9. Bb5 a6 10. Ba4 Qc8 11. Ng3 Bd8 12. Nd2 Ne7 13. Bb3 Ng6 14. Nc4 Bc6 15.
Qc2 Bd7 16. Rad1 Be6 17. Nd2 h6 18. Rde1 Nh7 19. Ne2 Bg5 20. f4 exf4 21. Nxf4
Bxb3 22. Qxb3 Bxf4 23. Bxf4 Qe6 24. Qxe6 fxe6 25. Bg3 Rf6 26. Rxf6 gxf6 27. d5
e5 28. Rf1 Ne7 29. Bh4 Kf7 30. Nf3 Rc8 31. Kf2 c6 32. dxc6 Rxc6 33. Ke3 Ke6 34.
g4 d5 35. Nd2 b5 36. a3 a5 37. h3 b4 38. cxb4 axb4 39. a4 Rc2 40. Rb1 dxe4 41.
Nxe4 Rc4 42. Nd2 Nd5+ 43. Ke2 Nf4+ 44. Kd1 Rc8 45. a5 Kd5 46. a6 Ra8 47. Ra1
Nxh3 48. Ra5+ Kc6 49. Nc4 Nf4 50. Bf2 Ne6 51. Nb6 Ra7 52. Nc8 Rc7 53. a7 Rxc8
54. a8=Q+ Rxa8 55. Rxa8 Nhg5 56. Rb8 Ne4 57. Be3 N6g5 58. Rxb4 Kd5 59. Ke2 Nf7
60. Kd3 Ned6 61. Ra4 e4+ 62. Kc3 Ne5 63. Bxh6 Nxg4 64. Ra5+ Ke6 65. Bf4 Nb7 66.
Rb5 Nd8 67. Kd4 f5 68. Rb6+ Kd7 69. Kd5 e3 70. Rd6+ Kc8 71. Bg5 Nf7 72. Rc6+
Kd7 73. Bh4 Nge5 74. Ra6 Nf3 75. Ra7+ Kc8 76. Bg3 N7g5 77. Re7 Ne4 78. Rxe4
fxe4 79. Kxe4 1/2-1/2

[Event "1. liga V 18/19, Litovel-Ostrava"]
[Site ""]
[Date "2019.03.24"]
[Round "10.1"]
[White "Sorm, Daniel"]
[Black "Caletka, Radomir"]
[Result "1/2-1/2"]
[WhiteElo "2308"]
[BlackElo "2285"]
[PlyCount "0"]
[WhiteTeam "TJ Tatran Litovel"]
[BlackTeam "TJ Ostrava"]
[EventDate "2018.10.21"]

1. d4 Nf6 2. Nf3 g6 3. c4 Bg7 4. Nc3 d5 5. cxd5 Nxd5 6. e4 Nxc3 7. bxc3 c5 8.
Be2 Nc6 9. d5 Bxc3+ 10. Bd2 Bxa1 11. Qxa1 Nd4 12. Nxd4 cxd4 13. O-O O-O 14.
Qxd4 Qb6 15. Qa1 Re8 16. Rb1 Qd8 17. Bh6 f6 18. Bc4 Qd6 19. Qc3 b6 20. Re1 Bd7
21. e5 fxe5 22. Rxe5 Qf6 23. d6+ Kh8 24. Bg5 Qg7 25. Bh6 Qf6 26. Bg5 Qg7 27.
Bxe7 Rxe7 28. dxe7 Rc8 29. Qd4 Be8 30. f4 Qf6 31. g4 h6 32. Rd5 Qxd4+ 33. Rxd4
Kg7 34. g5 hxg5 35. fxg5 Rc7 36. Re4 Rc5 37. h4 b5 38. Be6 Rc7 39. Bd5 Rc5 40.
Re5 a5 41. Kf2 a4 42. Ke3 b4 43. Kd4 Rc7 44. Bc4 Rb7 45. Re2 b3 46. Kc3 bxa2
47. Bxa2 Rd7 48. Bc4 Rc7 49. Kd4 Rd7+ 50. Bd5 Rc7 51. Re6 Ra7 52. Ba2 Rd7+ 53.
Kc5 Rc7+ 54. Kb6 Rc2 55. Bd5 a3 56. Re3 a2 57. Ra3 Re2 58. Rxa2 Rxe7 59. Kc5
Bf7 60. Rf2 Bxd5 61. Kxd5 Re1 62. Rf4 Re2 63. Re4 Rd2+ 64. Ke6 Rh2 65. Ke5 Rh1
66. Ra4 Re1+ 67. Kf4 Re7 68. Ra6 Kf7 69. Rf6+ Kg7 70. Rd6 Kf7 71. Rd4 Ra7 72.
Kg4 Rb7 73. Ra4 Rc7 74. Kf4 Rb7 75. Ra5 Rc7 76. Ke5 Re7+ 77. Kf4 Rb7 78. Ra6
Re7 79. Rb6 Kg7 80. Rf6 Re1 81. Rc6 Re7 82. Rc5 Kf7 83. Re5 Ra7 84. Re4 Rb7 85.
Ra4 Re7 86. Ra6 Kg7 87. Ra5 Kf7 88. Re5 Ra7 89. Re4 Rb7 90. Ra4 Re7 91. Ra6 Kg7
92. Ra5 Kf7 93. Rb5 Kg7 94. Re5 Ra7 95. Re4 Kf7 96. Rd4 Re7 97. Rd5 Kg7 98. Re5
Ra7 99. Ke4 Ra4+ 100. Kd5 Rxh4 101. Re7+ Kf8 102. Ra7 Rg4 103. Ke6 Rxg5 104.
Kf6 Rf5+ 105. Kxg6 Rf1 1/2-1/2

[Event "1. liga V 18/19, Litovel-Ostrava"]
[Site ""]
[Date "2019.03.24"]
[Round "10.2"]
[White "Klima, Lukas"]
[Black "Belunek, Vladimir"]
[Result "1-0"]
[WhiteElo "2343"]
[BlackElo "2205"]
[PlyCount "0"]
[WhiteTeam "TJ Ostrava"]
[BlackTeam "TJ Tatran Litovel"]
[EventDate "2018.10.21"]

1. e4 e5 2. Nf3 Nc6 3. d4 exd4 4. Nxd4 Nf6 5. Nc3 Bb4 6. Nxc6 bxc6 7. Bd3 d5 8.
exd5 cxd5 9. O-O O-O 10. Bg5 c6 11. Na4 Be6 12. c3 Be7 13. Bc2 Re8 14. Qd3 g6
15. Qd4 Nd7 16. Bxe7 Qxe7 17. b4 a5 18. Rfe1 Qf8 19. Nc5 Nxc5 20. bxc5 Bd7 21.
f4 a4 22. Bxa4 Ra5 23. Rxe8 Bxe8 24. Re1 Rxc5 25. Bb3 Ra5 26. c4 dxc4 27. Bxc4
Ra8 28. f5 Qg7 29. f6 Qh6 30. h4 1-0

[Event "1. liga V 18/19, Litovel-Ostrava"]
[Site ""]
[Date "2019.03.24"]
[Round "10.3"]
[White "Vanek, Ladislav"]
[Black "Malik, Jan"]
[Result "1-0"]
[WhiteElo "2253"]
[BlackElo "2304"]
[PlyCount "0"]
[WhiteTeam "TJ Tatran Litovel"]
[BlackTeam "TJ Ostrava"]
[EventDate "2018.10.21"]

1. d4 d5 2. c4 e6 3. Nc3 c6 4. e3 Nf6 5. Nf3 Nbd7 6. Bd3 Bd6 7. O-O dxc4 8.
Bxc4 b5 9. Bd3 Bb7 10. Bd2 O-O 11. a3 Qe7 12. Qc2 a5 13. Ng5 Bxh2+ 14. Kxh2
Ng4+ 15. Kg3 Qxg5 16. f4 Qe7 17. Kxg4 f5+ 18. Kg3 Rf6 19. Rh1 c5 20. Rag1 c4
21. Be2 b4 22. axb4 axb4 23. Nd1 Rg6+ 24. Kf2 Bd5 25. Bxc4 Rc8 26. b3 Nf6 27.
Ke1 Bxg2 28. Rxg2 Rxg2 29. Kf1 Rg3 30. Bxb4 Qe8 31. Rg1 Rxg1+ 32. Kxg1 Kh8 33.
Bd6 Ra8 34. Be5 Ng4 35. Kf1 Qh5 36. Ke1 Qh1+ 37. Kd2 Qg2+ 38. Kc3 Qc6 39. Qd3
Ra1 40. Kb2 Qa8 41. b4 Ra4 42. Bd6 h5 43. d5 exd5 44. Bxd5 Qd8 45. Qxf5 Qf6+
46. Qxf6 Nxf6 47. Bg2 Ra6 48. Bc7 Ne8 49. Be5 h4 50. b5 Rg6 51. Bc6 Nd6 52. Kc3
h3 53. Nf2 h2 54. Kb4 Nc8 55. Kc5 Rg1 56. f5 Rf1 57. f6 gxf6 58. Bxf6+ Kh7 59.
Bh4 Kh6 60. Bg3 Kg7 61. Bb7 Ne7 62. Be5+ Kf7 63. Nh1 Rc1+ 64. Kb6 Ke6 65. Bxh2
Nf5 66. Bf4 Ne7 67. Nf2 Rc4 68. Nd3 Ng6 69. Nc5+ Ke7 70. Bd5 Rc1 71. Bc7 Nf8
72. Kc6 Nd7 73. Bd6+ Kd8 74. b6 Nxc5 75. Bxc5 Kc8 76. e4 Rb1 77. e5 Rb2 78. e6
Kb8 79. e7 Re2 80. Bd6+ Ka8 81. Kc7# 1-0

[Event "1. liga V 18/19, Litovel-Ostrava"]
[Site ""]
[Date "2019.03.24"]
[Round "10.4"]
[White "Michenka, Jozef"]
[Black "Strasil, Pavel"]
[Result "1-0"]
[WhiteElo "2281"]
[BlackElo "2032"]
[PlyCount "0"]
[WhiteTeam "TJ Ostrava"]
[BlackTeam "TJ Tatran Litovel"]
[EventDate "2018.10.21"]

1. d4 Nf6 2. c4 e6 3. Nc3 d5 4. cxd5 Nxd5 5. Nf3 c5 6. e4 Nxc3 7. bxc3 cxd4 8.
cxd4 Bb4+ 9. Bd2 Bxd2+ 10. Qxd2 O-O 11. Be2 b6 12. O-O Bb7 13. Qf4 Nc6 14. Rad1
Ne7 15. Bc4 Rc8 16. Bb3 Ba6 17. Rfe1 Bc4 18. d5 Bxb3 19. axb3 exd5 20. exd5 Ng6
21. Qa4 Qd6 22. Nd4 Rc5 23. Nf5 Qf6 24. Qe4 a5 25. h4 h5 26. Rd3 Rc3 27. Rxc3
Qxc3 28. d6 Qd2 29. Re3 Rd8 30. Qf3 b5 31. Qxh5 a4 32. bxa4 bxa4 33. Qg5 Qd1+
34. Kh2 Rxd6 35. h5 1-0

[Event "1. liga V 18/19, Litovel-Ostrava"]
[Site ""]
[Date "2019.03.24"]
[Round "10.5"]
[White "Mohapl, Petr"]
[Black "Mrva, Marek"]
[Result "0-1"]
[WhiteElo "2052"]
[BlackElo "2103"]
[PlyCount "0"]
[WhiteTeam "TJ Tatran Litovel"]
[BlackTeam "TJ Ostrava"]
[EventDate "2018.10.21"]

1. d4 Nf6 2. c4 c5 3. d5 e6 4. Nc3 exd5 5. cxd5 d6 6. e4 g6 7. h3 Bg7 8. Nf3 a6
9. a4 Nbd7 10. Be2 O-O 11. O-O Qe7 12. Nd2 Rb8 13. f4 Ne8 14. Bd3 f5 15. Re1
Bd4+ 16. Kh1 Qg7 17. exf5 Ndf6 18. Nf3 Bf2 19. Rf1 Bg3 20. Ne2 gxf5 21. Bd2 Nh5
22. Bc3 Qh6 23. Ng5 Nxf4 0-1

[Event "1. liga V 18/19, Litovel-Ostrava"]
[Site ""]
[Date "2019.03.24"]
[Round "10.6"]
[White "Splichal, Stanislav"]
[Black "Krejci, Jan"]
[Result "1-0"]
[WhiteElo "2142"]
[BlackElo "2103"]
[PlyCount "0"]
[WhiteTeam "TJ Ostrava"]
[BlackTeam "TJ Tatran Litovel"]
[EventDate "2018.10.21"]

1. Nf3 Nf6 2. c4 c5 3. g3 Nc6 4. Bg2 d5 5. cxd5 Nxd5 6. Nc3 g6 7. O-O Bg7 8.
Nxd5 Qxd5 9. d3 O-O 10. Be3 Qd6 11. Rc1 Nd4 12. Nd2 Bf5 13. Bxb7 Rab8 14. Nc4
Nxe2+ 15. Qxe2 Bxd3 16. Qf3 Qc7 17. Bf4 Qxb7 18. Qxd3 Rbd8 19. Qe2 h5 20. Rfe1
Bf6 21. h4 Rd5 22. b3 e6 23. Ne3 Rd4 24. Rxc5 Qe7 25. Rc4 Rfd8 26. Rxd4 Rxd4
27. Ng2 Qb4 28. Rc1 Qa5 29. Be3 Rd5 30. Nf4 Rd7 31. Rc5 Qb4 32. Rc4 Qd6 33. Rc2
Kh7 34. Rd2 Qc6 35. Rxd7 Qxd7 36. Qd3 1-0

[Event "1. liga V 18/19, Litovel-Ostrava"]
[Site ""]
[Date "2019.03.24"]
[Round "10.7"]
[White "Svancara, Petr"]
[Black "Hladik, Oto"]
[Result "0-1"]
[WhiteElo "2175"]
[BlackElo "2157"]
[PlyCount "0"]
[WhiteTeam "TJ Tatran Litovel"]
[BlackTeam "TJ Ostrava"]
[EventDate "2018.10.21"]

1. e4 c5 2. Nc3 Nc6 3. f4 g6 4. Nf3 Bg7 5. Bb5 d6 6. O-O Bd7 7. d3 e6 8. Qe1
Nge7 9. Qh4 a6 10. Bxc6 Nxc6 11. Qg3 O-O 12. Kh1 Nd4 13. Nxd4 cxd4 14. Ne2 Rc8
15. c4 f5 16. exf5 Rxf5 17. Bd2 d5 18. b3 dxc4 19. bxc4 b5 20. Rac1 bxc4 21.
dxc4 Rfc5 22. Qd3 Bc6 23. Ng3 Qh4 24. Kg1 a5 25. Rb1 Be8 26. Ne4 Rh5 27. h3 Qe7
28. Rb6 Qc7 29. c5 Rxc5 30. Rxe6 Bb5 31. Qa3 Bxf1 32. Nxc5 Bc4 33. Na6 Qb7 34.
Qd6 Bxe6 35. Qxe6+ Kh8 36. Nc5 Qb1+ 37. Kh2 Qf5 0-1

[Event "1. liga V 18/19, Litovel-Ostrava"]
[Site ""]
[Date "2019.03.24"]
[Round "10.8"]
[White "Vesely, Martin"]
[Black "Gerych, Jan"]
[Result "1-0"]
[WhiteElo "2080"]
[BlackElo "2015"]
[PlyCount "0"]
[WhiteTeam "TJ Ostrava"]
[BlackTeam "TJ Tatran Litovel"]
[EventDate "2018.10.21"]

1. d4 Nf6 2. Nf3 e6 3. c4 b6 4. Nc3 Bb7 5. Bg5 d5 6. cxd5 exd5 7. e3 Be7 8. Bd3
O-O 9. O-O Nbd7 10. Rc1 c5 11. Bb1 Ne4 12. Bxe7 Qxe7 13. dxc5 Nxc3 14. Rxc3
bxc5 15. Qc2 g6 16. Rc1 Rfc8 17. Qb3 Nb6 18. Qd1 Kg7 19. h3 Nc4 20. b3 Nb6 21.
Rxc5 Rxc5 22. Qd4+ Qf6 23. Rxc5 Rc8 24. Rxc8 Bxc8 25. Bd3 Qxd4 26. exd4 f6 27.
Kf1 a5 28. Ke2 Kf7 29. Kd2 Bd7 30. Kc3 Ke7 31. Nd2 Be8 32. b4 axb4+ 33. Kxb4
Kd6 34. Nb3 Na4 35. Na5 Nb2 36. Be2 Na4 37. Nb7+ Kc7 38. Nc5 Nb6 39. a4 Nc8 40.
a5 Na7 41. Nb3 Kd6 42. Kc3 g5 43. g3 h6 44. h4 Bd7 45. Nc5 Be8 46. Bd3 Nc6 47.
Bb5 Bf7 48. Bxc6 Kxc6 49. Kb4 Bh5 50. Na4 Be2 51. Nc5 Bg4 52. Nd3 Be2 53. Ne1
Ba6 54. Nc2 gxh4 55. gxh4 1-0

[Event "1. liga V 18/19, Ostrava-Jundrov"]
[Site ""]
[Date "2019.04.07"]
[Round "11.1"]
[White "Caletka, Radomir"]
[Black "Buchnicek, Petr"]
[Result "1/2-1/2"]
[WhiteElo "2285"]
[BlackElo "2303"]
[PlyCount "0"]
[WhiteTeam "TJ Ostrava"]
[BlackTeam "Jezdci Jundrov"]
[EventDate "2018.10.21"]

1. c4 f5 2. g3 Nf6 3. Bg2 e6 4. Nf3 d5 5. O-O c6 6. d3 Be7 7. b3 O-O 8. Bb2 Bd7
9. Nbd2 Be8 10. Qc2 Nbd7 11. Rfe1 Bc5 12. e3 Bh5 13. a3 a5 14. Bc3 Qe7 15. Qb2
Bxf3 16. Nxf3 Bd6 17. Ne5 Nc5 18. Red1 Qc7 19. Nf3 Ng4 20. Bd4 e5 21. Bxc5 Bxc5
22. cxd5 e4 23. Nd4 Qe5 24. dxc6 Rad8 25. dxe4 fxe4 26. Rd2 bxc6 27. Rf1 Rd6
28. b4 axb4 29. axb4 Bb6 30. Qc2 Bxd4 31. exd4 Rxd4 32. Rxd4 Qxd4 33. Qxe4 Qxe4
34. Bxe4 Rb8 35. Bxc6 Rxb4 36. h3 Nf6 37. Ra1 Rc4 38. Bf3 Rc7 39. Kg2 Kf7 40.
Ra8 g5 41. Ra5 Kg6 42. Ra6 Kg7 43. Bc6 Re7 44. Ra5 Kg6 45. Bb5 h6 46. Bd3+ Kg7
47. Ra6 Rd7 48. Bf5 Rb7 49. Kf3 Re7 50. Rc6 Kf7 51. Rd6 Kg7 52. g4 Kf7 53. Kg2
Ra7 54. Kg3 Kg7 55. f3 Ra3 56. Rb6 Re3 57. Rb7+ Kf8 58. Kf2 Re7 59. Rb5 Kf7 60.
Bb1 Kg7 61. Ba2 Ra7 62. Be6 Re7 63. Rb6 Ne8 64. Kg3 Rc7 65. h4 gxh4+ 66. Kxh4
Nf6 67. f4 Ra7 68. Bb3 Rd7 69. g5 hxg5+ 70. Kxg5 Rd6 71. Rb7+ Rd7 72. Rb8 Re7
73. f5 Ne4+ 74. Kf4 Nf6 75. Be6 Ra7 76. Rb4 Nd7 77. Kg5 Nf6 78. Rc4 Nh7+ 79.
Kf4 Nf6 80. Rb4 Nh5+ 81. Ke5 Nf6 82. Rb5 Ng4+ 83. Kf4 Nf6 84. Rb4 Nh5+ 85. Kg5
Nf6 86. Bb3 Nh7+ 87. Kf4 Nf6 88. Rb5 Re7 89. Be6 Ra7 90. Rc5 Nh5+ 91. Ke5 Nf6
92. Rc1 Ra5+ 93. Kf4 Ra4+ 94. Bc4 Kf8 95. Ke5 Ke7 96. Kd4 Nd7 97. Ke3 Ne5 98.
Be6 Ng4+ 99. Kf3 Kf6 100. Rc8 1/2-1/2

[Event "1. liga V 18/19, Ostrava-Jundrov"]
[Site ""]
[Date "2019.04.07"]
[Round "11.2"]
[White "Pisk, Petr"]
[Black "Klima, Lukas"]
[Result "1/2-1/2"]
[WhiteElo "2328"]
[BlackElo "2343"]
[PlyCount "0"]
[WhiteTeam "Jezdci Jundrov"]
[BlackTeam "TJ Ostrava"]
[EventDate "2018.10.21"]

1. e4 c5 2. Nf3 Nc6 3. Nc3 Nf6 4. Bb5 Qc7 5. O-O Nd4 6. Re1 a6 7. Bf1 d6 8. h3
e5 9. d3 h6 10. Nxd4 cxd4 11. Ne2 g6 12. c3 dxc3 13. Nxc3 Bg7 14. d4 O-O 15.
Be3 Be6 16. d5 Bd7 17. Qd2 Kh7 18. Be2 b5 19. b4 1/2-1/2

[Event "1. liga V 18/19, Ostrava-Jundrov"]
[Site ""]
[Date "2019.04.07"]
[Round "11.3"]
[White "Malik, Jan"]
[Black "Fiala, Vaclav"]
[Result "1-0"]
[WhiteElo "2304"]
[BlackElo "2307"]
[PlyCount "0"]
[WhiteTeam "TJ Ostrava"]
[BlackTeam "Jezdci Jundrov"]
[EventDate "2018.10.21"]

1. e4 c5 2. Nf3 d6 3. d4 cxd4 4. Nxd4 Nf6 5. Nc3 a6 6. Bc4 e6 7. O-O Be7 8. Bb3
O-O 9. Qf3 Qc7 10. Qg3 b5 11. Bh6 Ne8 12. Rad1 Nc6 13. Nxc6 Qxc6 14. Nd5 Bd8
15. Rd3 Bb7 16. Rc3 Qd7 17. Rc7 Qxc7 18. Nxc7 Bxc7 19. Bg5 Bd8 20. Re1 Bxg5 21.
Qxg5 Nf6 22. f3 Rfd8 23. c3 h6 24. Qe3 Rac8 25. Rd1 Rd7 26. h4 Rc5 27. Rxd6
Rxc3 28. bxc3 Rxd6 29. e5 Nd5 30. exd6 1-0

[Event "1. liga V 18/19, Ostrava-Jundrov"]
[Site ""]
[Date "2019.04.07"]
[Round "11.4"]
[White "Novosadova, Kristyna"]
[Black "Michenka, Jozef"]
[Result "0-1"]
[WhiteElo "2225"]
[BlackElo "2281"]
[PlyCount "0"]
[WhiteTeam "Jezdci Jundrov"]
[BlackTeam "TJ Ostrava"]
[EventDate "2018.10.21"]

1. e4 c5 2. Nf3 e6 3. d4 cxd4 4. Nxd4 Nc6 5. Nc3 Qc7 6. Be3 a6 7. Nxc6 bxc6 8.
Be2 Nf6 9. a3 d5 10. Bf3 Rb8 11. Rb1 Bd6 12. g3 O-O 13. g4 Be5 14. g5 Rxb2 15.
Nxd5 Nxd5 16. exd5 Rxb1 17. Qxb1 cxd5 18. O-O d4 19. Bd2 Bxh2+ 20. Kg2 Bf4 21.
Bb4 Qe5 22. Be7 Re8 23. Re1 Qc7 0-1

[Event "1. liga V 18/19, Ostrava-Jundrov"]
[Site ""]
[Date "2019.04.07"]
[Round "11.5"]
[White "Mrva, Marek"]
[Black "Pakosta, Miroslav"]
[Result "1-0"]
[WhiteElo "2103"]
[BlackElo "2150"]
[PlyCount "0"]
[WhiteTeam "TJ Ostrava"]
[BlackTeam "Jezdci Jundrov"]
[EventDate "2018.10.21"]

1. e4 Nf6 2. e5 Nd5 3. Nc3 Nxc3 4. bxc3 d6 5. f4 g6 6. Nf3 Bg7 7. d4 O-O 8. Bd3
c5 9. O-O Bg4 10. Be3 Nc6 11. Qe1 Bxf3 12. Rxf3 dxe5 13. dxe5 b6 14. Rh3 e6 15.
Bf2 Qe7 16. Bh4 f6 17. Qe4 Rac8 18. Bc4 Nd8 19. Re1 b5 20. Bxb5 c4 21. Kh1 Rc5
22. Bxc4 Qc7 23. Bxe6+ Nxe6 24. exf6 Nxf4 25. fxg7 Qxg7 26. Rf3 g5 27. Bxg5
Rxg5 28. Rxf4 Rxf4 29. Qxf4 h6 30. Re8+ Kh7 31. Qe4+ Qg6 32. Qb7+ Qg7 33. Re7
1-0

[Event "1. liga V 18/19, Ostrava-Jundrov"]
[Site ""]
[Date "2019.04.07"]
[Round "11.6"]
[White "Musil, Jiri"]
[Black "Splichal, Stanislav"]
[Result "1-0"]
[WhiteElo "2188"]
[BlackElo "2142"]
[PlyCount "0"]
[WhiteTeam "Jezdci Jundrov"]
[BlackTeam "TJ Ostrava"]
[EventDate "2018.10.21"]

1. d4 Nf6 2. c4 e6 3. Nf3 d5 4. e3 Be7 5. Nc3 O-O 6. Bd3 dxc4 7. Bxc4 c5 8. O-O
Nc6 9. a3 a6 10. Bd3 b6 11. dxc5 Bxc5 12. b4 Be7 13. Bb2 Bb7 14. Qc2 Rc8 15.
Rfd1 Qc7 16. Rac1 Rfd8 17. Ne2 h6 18. Qb3 Qb8 19. Nf4 Nd5 20. Nh5 Bf8 21. Bb1
Nce7 22. Be5 Qa8 23. e4 Rxc1 24. Rxc1 Rc8 25. Qb2 g6 26. exd5 gxh5 27. dxe6
Bxf3 28. exf7+ Kxf7 29. gxf3 Qxf3 30. Ba2+ Ke8 31. Rxc8+ Nxc8 32. Bg3 Qd1+ 33.
Kg2 Ne7 34. Qe5 Qg4 35. Be6 Nc6 36. Qd5 1-0

[Event "1. liga V 18/19, Ostrava-Jundrov"]
[Site ""]
[Date "2019.04.07"]
[Round "11.7"]
[White "Hladik, Oto"]
[Black "Skacelik, Petr"]
[Result "1-0"]
[WhiteElo "2157"]
[BlackElo "2175"]
[PlyCount "0"]
[WhiteTeam "TJ Ostrava"]
[BlackTeam "Jezdci Jundrov"]
[EventDate "2018.10.21"]

1. e4 c5 2. Nf3 Nc6 3. d4 cxd4 4. Nxd4 g6 5. Nc3 Bg7 6. Be3 Nf6 7. Bc4 O-O 8.
Bb3 d6 9. f3 Bd7 10. Qd2 Nxd4 11. Bxd4 b5 12. a4 b4 13. Ne2 a5 14. g4 Be6 15.
O-O-O Bxb3 16. cxb3 Nd7 17. Kb1 Bxd4 18. Nxd4 Nc5 19. Qe3 Qb6 20. h4 Ne6 21.
Rhe1 Rfc8 22. h5 Nxd4 23. hxg6 e5 24. gxf7+ Kxf7 25. Rh1 Rh8 26. f4 Rag8 27.
Qf2 Ke8 28. fxe5 dxe5 29. Rh5 Qd6 30. Qh2 Rg6 31. Rxe5+ Kf7 32. Qf2+ Rf6 33.
Qxd4 Qxd4 34. Rxd4 Rf1+ 35. Ka2 Rc8 36. Rxa5 Rg1 37. Rxb4 Rxg4 38. Rb7+ Kg8 39.
Rh5 Rc1 40. Rhxh7 Rxe4 41. Rhc7 1-0

[Event "1. liga V 18/19, Ostrava-Jundrov"]
[Site ""]
[Date "2019.04.07"]
[Round "11.8"]
[White "Tovarek, Antonin"]
[Black "Vesely, Martin"]
[Result "1-0"]
[WhiteElo "2003"]
[BlackElo "2080"]
[PlyCount "0"]
[WhiteTeam "Jezdci Jundrov"]
[BlackTeam "TJ Ostrava"]
[EventDate "2018.10.21"]

1. e4 c5 2. Nf3 Nc6 3. d4 cxd4 4. Nxd4 Nf6 5. Nc3 e5 6. Ndb5 d6 7. Bg5 a6 8.
Bxf6 gxf6 9. Na3 b5 10. Nd5 f5 11. Bd3 Be6 12. c4 bxc4 13. Nxc4 Bxd5 14. exd5
Nd4 15. Qa4+ Ke7 16. O-O Bg7 17. Ne3 f4 18. Nf5+ Nxf5 19. Bxf5 Kf6 20. Qc2 h5
21. Rfe1 Bh6 22. Bh3 Kg7 23. f3 Bg5 24. Re2 Rb8 25. Rc1 Qb6+ 26. Kh1 Qa5 27. b3
Rb5 28. Qf5 Bf6 29. Qd7 Rd8 30. Qa7 Kg6 31. g3 Rxd5 32. Rg2 Rd2 33. Rcg1 Rxg2
34. Rxg2 Bg5 35. Bf5+ Kxf5 36. Qxf7+ Bf6 37. g4+ hxg4 38. fxg4+ Ke4 39. Qc4+
Ke3 40. Qe2+ Kd4 41. Qc4+ Ke3 42. Re2+ Kf3 43. Qe4+ Kxg4 44. Rg2+ Kh3 45. Qf3+
1-0

[Event "1. liga V 18/19, SM-Litovel"]
[Site ""]
[Date "2019.04.07"]
[Round "11.1"]
[White "Kanovsky, David"]
[Black "Belunek, Vladimir"]
[Result "1/2-1/2"]
[WhiteElo "2426"]
[BlackElo "2205"]
[PlyCount "0"]
[WhiteTeam "SK Stare Mesto"]
[BlackTeam "TJ Tatran Litovel"]
[EventDate "2018.10.21"]

1. c4 c6 2. e4 e5 3. Nf3 d6 4. d4 Nd7 5. Nc3 Be7 6. Be2 Ngf6 7. O-O O-O 8. Re1
a6 9. Bf1 Re8 10. h3 b5 11. c5 Qc7 12. cxd6 Bxd6 13. Bg5 exd4 14. Nxd4 h6 15.
Bxf6 Nxf6 16. Rc1 Bh2+ 17. Kh1 Bf4 18. Rc2 c5 19. Nf5 Bxf5 20. exf5 1/2-1/2

[Event "1. liga V 18/19, SM-Litovel"]
[Site ""]
[Date "2019.04.07"]
[Round "11.2"]
[White "Strasil, Pavel"]
[Black "Skalsky, Alexandr"]
[Result "1/2-1/2"]
[WhiteElo "2032"]
[BlackElo "2103"]
[PlyCount "0"]
[WhiteTeam "TJ Tatran Litovel"]
[BlackTeam "SK Stare Mesto"]
[EventDate "2018.10.21"]

1. d4 Nf6 2. c4 g6 3. Nc3 d5 4. e3 Bg7 5. Nf3 O-O 6. cxd5 Nxd5 7. Bc4 Nb6 8.
Bb3 Nc6 9. O-O e5 10. dxe5 Nxe5 11. Nxe5 Bxe5 12. Qxd8 Rxd8 13. e4 a5 14. Bg5
Re8 15. a3 a4 16. Ba2 Be6 17. Bxe6 Rxe6 18. Rab1 Bxc3 19. bxc3 Rxe4 20. Be3 Nc4
21. Rxb7 Nxa3 22. Rxc7 Rc4 23. Rc5 Rxc5 24. Bxc5 Nc2 25. Rc1 a3 26. Rxc2 a2 27.
Rxa2 Rxa2 28. g3 f5 29. h4 Kf7 30. Kg2 Ke6 31. Kf3 Rc2 32. Bd4 h6 33. Kf4 Re2
34. Kf3 Rc2 {Necitelny zapis, remis ve 157.tahu} 1/2-1/2

[Event "1. liga V 18/19, SM-Litovel"]
[Site ""]
[Date "2019.04.07"]
[Round "11.3"]
[White "Husek, Martin"]
[Black "Krejci, Jan"]
[Result "1/2-1/2"]
[WhiteElo "2162"]
[BlackElo "2103"]
[PlyCount "0"]
[WhiteTeam "SK Stare Mesto"]
[BlackTeam "TJ Tatran Litovel"]
[EventDate "2018.10.21"]

1. e4 e5 2. Nf3 Nf6 3. Nxe5 d6 4. Nf3 Nxe4 5. Nc3 Nxc3 6. dxc3 Be7 7. Be3 Nc6
8. Qd2 Be6 9. O-O-O Bf6 10. h3 Qd7 11. Ng5 a6 12. Nxe6 fxe6 13. g4 g6 14. Be2
O-O-O 15. h4 Kb8 16. h5 gxh5 17. Rxh5 Qf7 18. Rdh1 e5 19. c4 e4 20. g5 Be5 21.
R5h4 Qg6 22. Bh5 Qe6 23. Qd5 Qxd5 24. cxd5 Nb4 25. Bf7 c6 26. dxc6 d5 27. cxb7
Rd7 28. Rxh7 Rxh7 29. Rxh7 Rc7 30. g6 d4 31. g7 Bxg7 32. Bf4 Nd3+ 33. Kd2 Nxf4
34. Rxg7 Kxb7 35. Rh7 Kb6 36. Bg8 Rc8 37. Rh6+ Kc5 38. Bf7 Rc7 39. Rf6 Nh3 40.
Be6 Nxf2 41. Ke2 e3 42. Bf5 a5 43. c3 dxc3 44. bxc3 Kc4 45. Kxe3 Nd1+ 46. Kd2
Nxc3 47. Bd3+ Kb4 1/2-1/2

[Event "1. liga V 18/19, SM-Litovel"]
[Site ""]
[Date "2019.04.07"]
[Round "11.4"]
[White "Neoral, Antonin"]
[Black "Sosna, Jan"]
[Result "0-1"]
[WhiteElo "2112"]
[BlackElo "2344"]
[PlyCount "0"]
[WhiteTeam "TJ Tatran Litovel"]
[BlackTeam "SK Stare Mesto"]
[EventDate "2018.10.21"]

1. e4 e5 2. Nf3 Nc6 3. Bb5 Nf6 4. O-O Nxe4 5. d4 Nd6 6. Bxc6 dxc6 7. dxe5 Nf5
8. Qxd8+ Kxd8 9. Rd1+ Ke8 10. h3 Be6 11. Nc3 Bb4 12. a3 Bxc3 13. bxc3 c5 14.
Nh2 Ne7 15. g4 h5 16. Bg5 Nd5 17. Rd3 c4 18. Rg3 hxg4 19. hxg4 Kd7 20. Rd1 c6
21. f4 Kc7 22. Re1 Rae8 23. f5 Bc8 24. Bd2 g6 25. fxg6 fxg6 26. Nf3 Ref8 27.
Ng5 b5 28. e6 Rf6 29. Rf3 Rxf3 30. Nxf3 Kd6 31. Ng5 Re8 32. Nf7+ Kc7 33. Ng5
Kd6 34. Nf7+ Kc7 35. Ng5 c5 36. Re5 Kd6 37. Nf7+ Kc6 38. Rg5 Bxe6 39. Rxg6 Kc7
40. Nh6 Bd7 41. Kf2 a5 42. Rg5 Nf6 43. Bf4+ Kb7 44. Rg7 Kc8 45. Nf7 Ne4+ 46.
Kf1 b4 47. cxb4 cxb4 48. axb4 axb4 49. Nd6+ Nxd6 50. Bxd6 b3 51. cxb3 cxb3 52.
Ba3 Bb5+ 53. Kf2 b2 54. Bxb2 Re2+ 55. Kf3 Rxb2 56. Kf4 Rg2 57. Ke5 Kd8 58. g5
Ke8 59. Kf6 Rf2+ 60. Ke5 Kf8 61. Rb7 Be8 62. Rb6 Kg7 63. Ke4 Bg6+ 64. Ke3 Rf5
65. Ke2 Rxg5 66. Kf2 Re5 67. Kg1 Kh6 68. Rf6 Kg5 69. Rf8 Bf5 70. Rg8+ Kf4 71.
Rf8 Kg3 72. Rg8+ Bg4 73. Rf8 Re1+ 74. Rf1 Re2 75. Rf8 Bf3 76. Rg8+ Kf4 77. Rf8+
Ke3 78. Re8+ Be4 79. Rf8 Rg2+ 80. Kf1 Rh2 81. Ke1 Rh1+ 82. Rf1 Rh8 83. Rf7 Rg8
84. Rf6 Re8 85. Rf7 Bd5 86. Rf6 Rc8 87. Kd1 0-1